00417cam a22001337a 4500008004000000020001500040082001700055100002500072245007800097260002600175300001000201650003300211650003900244180718b1993 xxu||||| |||| 00| 0 eng d a8170363713 aT3x5471 K811 aKochanek, Stanley A. aPatron-client politics and business in Bangladeshcby Stanley A. Kochanek aNew DelhibSagec1993 a387p. aPressure groups --Bangladesh aBusiness and politics --Bangladesh